LEADER 00565nam a2200181 i 4500 001 000000253363 003 CaOOAMICUS 005 20170524000000.0 008 170524s2001 it u000 u ita u 013 $a232268 040 $aSeMil$bita 245 10$aAtti 3. 300 $a153 p. 773 0 $tGiornate canonistiche baresi.$dBari : Adriatica, [2001?]$g3$w()33695 850 $aSeMil 852 $aSeMil$W1$xVenegono$y1$m2H III 19$j203709$B203709$CSeMilBibl$Z2$F218043 $81 961 $aLascito: Coronelli don Renato 996 $6245$aAtti 3$9(OLS)http://semarc/title/410528 LEADER 00509naa a2200145 i 4500 001 000000295323 003 CaOOAMICUS 005 20180831172523.0 008 180831n xx u000 u und u 013 $a2619 040 $aSeMil$bita 100 1 $aBrambilla, Maria Teresa.$0(OLS)http://semarc/name/85276 245 10$aUmanità e modernità di un vescovo. 773 0 $tGB. Montini arcivescovo.$dMilano : NED, copyr. 1983.$z8870230732$w()45586 996 $6245$aUmanità e modernità di un vescovo$9(OLS)http://semarc/title/371383